000 00711nam a2200217Ii 4500
003 JO-AjNU
008 230605s9999||||xx |||||||||||||| ||und||
017 _a1995/9/938
040 _aJO-AjNU
_bara
_erda
_cJO-AjNU
041 _aara
050 1 4 _aPJ4567 A8464.1996
100 3 _aتاليف هصيص، علي,
_eauthor
_948702
245 0 0 _aالعبرية للمتعلم العربي
250 _aط2
264 3 1 _aاربد- الاردن: مركز نسيم للخدمات الطلابية، 1996
300 _a109ص
336 _atext
_btxt
_2rdacontent
337 _aunmediated
_bn
_2rdamedia
338 _avolume
_bnc
_2rdacarrier
650 4 _aاللغة العربية - دراسة وتعليم
_948703
999 _aA21346
_c24914
_d24914